000 00937cam a2200241 i 4500
003 SA-RiAUC
005 20251110090228.0
008 251006s1992 su g 00010 ara c
040 _aSA-RiAUC
_bara
_cSA-RiAUC
_erda
043 _aa-su---
082 0 4 _a915.31
_qSA-RiAUC
090 _a915.31
_bم د ي
245 0 0 _aمدينتا الإسلام المقدستان :
_bمكة المكرمة والمدينة المنورة مهبط الوحي ومواطن الرسول ودار هجرته صلى الله عليه وسلم.
250 _aالطبعة الأولى.
264 1 _aجدة :
_bدار الريشة،
_c1992
300 _a134 صفحة ؛
_c20 سم
336 _aنص
_btxt
_2rdacontent
_3كتاب
337 _aبدون وسيط
_bn
_2rdamedia
338 _aمجلد
_bnc
_2rdacarrier
651 7 _aمكة المكرمة
_xوصف ورحلات
_2aucsh
942 _2ddc
_cBOOK
_n0
949 _aSA-JeALM
_d251006
_umohamedma123
_n1
999 _c13144
_d13144